Cases in marketing management / (Record no. 4421)
[ view plain ]
| 000 -LEADER | |
|---|---|
| fixed length control field | 00768pam a2200241 a 4500 |
| 001 - CONTROL NUMBER | |
| control field | 1577510 |
| 005 - DATE AND TIME OF LATEST TRANSACTION | |
| control field | 20250228114213.0 |
| 008 - FIXED-LENGTH DATA ELEMENTS--GENERAL INFORMATION | |
| fixed length control field | 930624s1994 ilua b 000 0 eng |
| 020 ## - INTERNATIONAL STANDARD BOOK NUMBER | |
| International Standard Book Number | 0256122466 |
| 020 ## - INTERNATIONAL STANDARD BOOK NUMBER | |
| International Standard Book Number | 9780256122466 |
| 050 00 - LIBRARY OF CONGRESS CALL NUMBER | |
| Classification number | HF5415.13 |
| Item number | .B448 1994 |
| 082 00 - DEWEY DECIMAL CLASSIFICATION NUMBER | |
| Classification number | 658.8 |
| Edition information | 20 |
| 100 1# - MAIN ENTRY--PERSONAL NAME | |
| Personal name | Bernhardt, Kenneth L., |
| Dates associated with a name | 1944- |
| 245 10 - TITLE STATEMENT | |
| Title | Cases in marketing management / |
| Statement of responsibility, etc. | Kenneth L. Bernhardt, Thomas C. Kinnear. |
| 250 ## - EDITION STATEMENT | |
| Edition statement | 6th ed. |
| 260 ## - PUBLICATION, DISTRIBUTION, ETC. | |
| Place of publication, distribution, etc. | Burr Ridge, IL : |
| Name of publisher, distributor, etc. | Irwin, |
| Date of publication, distribution, etc. | c1994. |
| 300 ## - PHYSICAL DESCRIPTION | |
| Extent | xiv, 754 p. : |
| Other physical details | ill. ; |
| Dimensions | 25 cm. |
| 440 #4 - SERIES STATEMENT/ADDED ENTRY--TITLE | |
| Title | The Irwin series in marketing |
| 650 #0 - SUBJECT ADDED ENTRY--TOPICAL TERM | |
| Topical term or geographic name entry element | Marketing |
| General subdivision | Management |
| Form subdivision | Case studies. |
| 650 #0 - SUBJECT ADDED ENTRY--TOPICAL TERM | |
| Topical term or geographic name entry element | Marketing |
| General subdivision | Decision making |
| Form subdivision | Case studies. |
| 700 1# - ADDED ENTRY--PERSONAL NAME | |
| Personal name | Kinnear, Thomas C., |
| Dates associated with a name | 1943- |
| 942 ## - ADDED ENTRY ELEMENTS (KOHA) | |
| Source of classification or shelving scheme | Library of Congress Classification |
| Koha item type | Books |
| Edition | 6th Ed. |
| Suppress in OPAC | No |
| 999 ## - | |
| -- | 4421 |
| -- | 4421 |
| Withdrawn status | Lost status | Source of classification or shelving scheme | Damaged status | Not for loan | Collection | Home library | Current library | Shelving location | Date acquired | Total checkouts | Full call number | Barcode | Date last seen | Copy number | Price effective from | Koha item type |
|---|---|---|---|---|---|---|---|---|---|---|---|---|---|---|---|---|
| Library of Congress Classification | Non-fiction | Business Library (Miotso) | Business Library (Miotso) | General stacks | 02/28/2025 | HF5415.13 .B448 1994 | BSSM00001080 | 02/28/2025 | 1 | 02/28/2025 | Books | |||||
| Library of Congress Classification | Non-fiction | Business Library (Miotso) | Business Library (Miotso) | General stacks | 02/28/2025 | HF5415.13 .B448 1994 | BSSM00001081 | 02/28/2025 | 2 | 02/28/2025 | Books | |||||
| Library of Congress Classification | Non-fiction | Business Library (Miotso) | Business Library (Miotso) | General stacks | 02/28/2025 | HF5415.13 .B448 1994 | BSSM00001082 | 02/28/2025 | 3 | 02/28/2025 | Books |